Great Mutiny of India 1857 (Record no. 6328)

MARC details
000 -LEADER
fixed length control field 00672nam a2200265 a 4500
020 ## - INTERNATIONAL STANDARD BOOK NUMBER
ISBN 0713942
082 00 - DEWEY DECIMAL CLASSIFICATION NUMBER
Classification number 954.0317
Author Cutter HIB
100 ## - MAIN ENTRY--AUTHOR NAME
Author name Hibbert, Christopher
245 ## - TITLE STATEMENT
Title Great Mutiny of India 1857
260 ## - PUBLICATION, DISTRIBUTION, ETC. (IMPRINT)
Place of publication London
Name of publisher Allen Lane, Penguin Books
Year of publication 1978
300 ## - PHYSICAL DESCRIPTION
Number of Pages 472p
500 ## - GENERAL NOTE
General note includes index and biblioraphy
505 2# - FORMATTED CONTENTS NOTE
Formatted contents note Index
650 ## - SUBJECT ADDED ENTRY--TOPICAL TERM
Topical Term British-India
650 ## - SUBJECT ADDED ENTRY--TOPICAL TERM
Topical Term Mughal India
650 ## - SUBJECT ADDED ENTRY--TOPICAL TERM
Topical Term India-Historiography
942 ## - ADDED ENTRY ELEMENTS (KOHA)
Koha item type Books
700 1# -
-- Hibbert, Christopher
Holdings
Collection code Home library Current library Date acquired Cost, normal purchase price Full call number Accession Number Koha item type
  Henry Martyn Institute Library Henry Martyn Institute Library 04/04/2007 596.25 954.0317 HIB 010137 Books
                   Copyright © 2026 | Henry Martyn Institute | Hyderabad | TS-500052 | INDIA | Implemented by hmi.edu.in
Hit-Count:

Powered by Koha